مكتبة جامعة عجلون الوطنية

فهرس بحث المكتبة

Lighting by design / (Record no. 33719)

MARC details
000 -LEADER
fixed length control field 00883cam a22002894a 4500
001 - CONTROL NUMBER
control field 12676389
003 - CONTROL NUMBER IDENTIFIER
control field JO-AjAnu
005 - DATE AND TIME OF LATEST TRANSACTION
control field 20241016110913.0
008 - FIXED-LENGTH DATA ELEMENTS--GENERAL INFORMATION
fixed length control field 020211s2002 nyua 001 0 eng
010 ## - LIBRARY OF CONGRESS CONTROL NUMBER
LC control number 2002102101
020 ## - INTERNATIONAL STANDARD BOOK NUMBER
International Standard Book Number 0823025144
035 ## - SYSTEM CONTROL NUMBER
System control number (DLC) 2002102101
040 ## - CATALOGING SOURCE
Original cataloging agency DLC
Transcribing agency DLC
Modifying agency JO-AjAnu
041 ## - LANGUAGE CODE
Language code of text/sound track or separate title ENG
042 ## - AUTHENTICATION CODE
Authentication code pcc
050 00 - LIBRARY OF CONGRESS CALL NUMBER
Classification number NK2115.5.L5
Item number S763 2002
100 1# - MAIN ENTRY--PERSONAL NAME
Personal name Storey, Sally.
245 10 - TITLE STATEMENT
Title Lighting by design /
Statement of responsibility, etc. Sally Storey.
260 ## - PUBLICATION, DISTRIBUTION, ETC.
Place of publication, distribution, etc. New York :
Name of publisher, distributor, etc. Watson-Guptill,
Date of publication, distribution, etc. 2002.
300 ## - PHYSICAL DESCRIPTION
Extent 192 p. :
Other physical details col. ill. ;
Dimensions 29 cm.
500 ## - GENERAL NOTE
General note Includes index.
650 #0 - SUBJECT ADDED ENTRY--TOPICAL TERM
Topical term or geographic name entry element Lighting, Architectural and decorative.
650 #0 - SUBJECT ADDED ENTRY--TOPICAL TERM
Topical term or geographic name entry element Interior decoration.
906 ## - LOCAL DATA ELEMENT F, LDF (RLIN)
a 7
b cbc
c orignew
d 2
e epcn
f 20
g y-gencatlg
942 ## - ADDED ENTRY ELEMENTS (KOHA)
Source of classification or shelving scheme Library of Congress Classification
Koha item type Books
Suppress in OPAC No
Holdings
Withdrawn status Lost status Source of classification or shelving scheme Damaged status Not for loan Home library Current library Date acquired Total Checkouts Full call number Barcode Date last seen Price effective from Koha item type
    Library of Congress Classification     مكتبة جامعة عجلون الوطنية مكتبة جامعة عجلون الوطنية 16/10/2024   NK2115.5.L5.S763 2002 E3932 16/10/2024 16/10/2024 Books